[Event "Begonia op 54th"]
[Site "Ballarat"]
[Date "2020.03.07"]
[Round "1"]
[White "Cook, Patrick"]
[Black "Fernandez, Daniel Howard"]
[Result "0-1"]
[WhiteElo "1590"]
[BlackElo "2477"]
[PlyCount "98"]
[EventDate "2020.03.07"]
[EventType "swiss"]
[EventRounds "7"]
[EventCountry "AUS"]
[SourceTitle "CBM 195 Extra"]
[Source "ChessBase"]
[SourceDate "2020.05.31"]
[SourceVersion "1"]
[SourceVersionDate "2020.05.31"]
[SourceQuality "1"]

1. d4 e6 2. c4 Bb4+ 3. Nc3 d5 4. e3 Ne7 5. Qc2 b6 6. Nf3 a5 7. a3 Bxc3+ 8. Qxc3 Ba6 9. Be2 a4 10. 0-0 0-0 11. Qc2 Nf5 12. cxd5 Bxe2 13. Qxe2 Qxd5 14. Bd2 Nd7 15. Rac1 Rfc8 16. Rc2 Nd6 17. Rfc1 c5 18. dxc5 bxc5 19. Bc3 Ne4 20. Rd1 Qb7 21. Nd2 Nxc3 22. bxc3 Ne5 23. Rb1 Qc6 24. Nc4 Nxc4 25. Qxc4 h5 26. h4 Rab8 27. Rcb2 Rxb2 28. Rxb2 Rd8 29. Rb1 Kh7 30. Qe2 Qd5 31. c4 Qf5 32. Rb5 Kg6 33. Qf3 Qe5 34. Qg3+ Qxg3 35. fxg3 Rd3 36. Kf2 Rxa3 37. Rxc5 Rc3 38. Ke2 Rc2+ 39. Kd3 Rxg2 40. Ra5 Rxg3 41. c5 Kf6 42. Rxa4 Rg4 43. Rxg4 hxg4 44. Ke4 e5 45. h5 Ke6 46. Kd3 Kd5 47. e4+ Kxc5 48. Ke3 Kc4 49. Kf2 Kd4 0-1